000 003320000a22001450004500
001 005970
003 MACL
040 _aMACL
090 _c13142
_d13141
245 _aJohn Milton
_bkhadim ut Taleem Press Lahore
260 _aKhadim ut Taleem Press Lahore,
_c1895
350 _a0.25
650 _aUrdu Literature
942 _k891
_cBook
999 _c13069
_d13069